Normal view
MARC view
- حسنين، عادل
Entry Personal Name
001 - CONTROL NUMBER
- control field: 40007
003 - CONTROL NUMBER IDENTIFIER
- control field: JO-AjAnu
005 - DATE AND TIME OF LATEST TRANSACTION
- control field: 20230606080640.0
008 - FIXED-LENGTH DATA ELEMENTS
- fixed length control field: 230606|| aca||aabn | a|a d
040 ## - CATALOGING SOURCE
- Original cataloging agency: JO-AjAnu
- Transcribing agency: JO-AjAnu
100 ## - HEADING--PERSONAL NAME
- Personal name: حسنين، عادل
670 ## - SOURCE DATA FOUND
- Source citation: Work cat.: (JO-AjAnu)20511: حسنين، عادل, author, مصر والمصريون من بدء الاصلاح الاقتصادي الى بداية القرن الحادي والعشرين، الجزء الخامس